000 00646nam a2200217Ia 4500
003 GCL
008 140319s9999 xx 000 0 ara d
040 _aGCL /
_cGCL
082 0 4 _a549
_bس م
100 1 _aسميث، هـ . ج
245 1 0 _aالمعادن الميكروسكوب /
_cسميث، هـ . ج
700 1 _aعزالدين حلمى (مترجم)
700 1 _aاميل زغلول بسطا
700 1 _aيحيى محمد انور
260 _a[S.N] :
_bالمجلس الاعلى للعلوم ،
_c1960
300 _a170
490 _a
650 0 4 _aالمعادن
650 0 4 _aالميكروسكوبات
942 _2ddc
_cBK
999 _c31056
_d31056